Statistics for Netaji Subhas Chandra Bose International Airport (Kolkata, India)

Click here to take the quiz!

General Stats

  • This quiz has been taken 13 times
  • The average score is 38 of 70

Answer Stats

AirlineDestination% Correct
Air India/IndiGoChennai
100%
Air India/IndiGo/SpiceJet/VistaraDelhi
100%
SpiceJetLucknow
100%
Air India/Alliance Air/IndiGo/SpiceJet/VistaraMumbai
100%
IndiGo/SpiceJetAhmedabad
92%
AIX Connect/Akasa Air/SpiceJetBangalore
92%
Air India/Biman Bangladesh Airlines/IndiGo/Novoair/US-Bengla AirlinesDhaka
92%
IndiGo/SpiceJetJaipur
92%
IndiGoAmritsar
83%
Thai AirAsiaBangkok (Don Mueang)
83%
Air India/Bhutan Airlines/IndiGo/SpiceJet/Thai Airways InternationalBangkok (Suvarnabhumi)
83%
Qatar AirwaysDoha
83%
Emirates/flydubaiDubai (International)
83%
AIX Connect/IndiGo/SpiceJetHyderabad
83%
FlyBig/IndiGoPatna
83%
AIX Connect/IndiGoPune
83%
Air Arabia/Etihad AirwaysAbu Dhabi
75%
IndiGoIndore
75%
AIX Connect/IndiGoKochi
75%
AirAsia/Batik Air MalaysiaKuala Lumpur (International)
75%
IndiGoNagpur
75%
IndiGo/Singapore AirlinesSingapore
75%
IndiGo/SpiceJetSrinagar
75%
Myanmar Airways InternationalYangon
75%
IndiGo/VistaraChandigarh
67%
US-Bangla AirlinesChittagong
67%
Air India/Alliance Air/Alliance Air/FlyBig/IndiGo/SpiceJetGuwahati
67%
Air IndiaKathmandu
67%
Air India/IndiGo/SpiceJet/VistaraPort Blair
67%
AIX Connect/IndiGoSurat
67%
IndiGo/SpiceJetVisakhapatnam
67%
Alliance Air/IndiGoAizawl
58%
IndiGo/SpiceJetRaipur
58%
IndiGo/SpiceJetRanchi
58%
Alliance Air/IndiGo/SpiceJetShillong
58%
IndiGoThiruvananthapuram
58%
Air India/IndiGoAgartala
50%
AIX Connect/Alliance Air/IndiGoBhubaneswar
50%
IndiGoDehradun
50%
IndiGoGaya
50%
IndiGo/SpiceJetGoa (Mopa)
50%
IndiGoHanoi
50%
IndiGoHo Chi Minh City
50%
IndiGoMangalore
50%
IndiGo/SpiceJetVaranasi
50%
AIX Connect/IndiGo/SpiceJetBagdogra
42%
Air India/Alliance Air/IndiGoImphal
42%
Bhutan Airlines/DrukairParo
42%
IndiaOne AirCooch Behar
33%
Air India/IndiGoDibrugarh
33%
Air India/Alliance Air/IndiGoDimapur
33%
IndiGoItanagar
33%
SpiceJetJammu
33%
IndiaOne AirJamshedpur
33%
IndiGoJodhpur
33%
IndiGoJorhat
33%
Air India/Alliance Air/IndiGoSilchar
33%
IndiGoUdaipur
33%
IndiGoGorakhpur
25%
IndiGoDarbhanga
17%
SpiceJetPakyong
17%
Alliance AirPasighat
17%
FlyBigRupsi
17%
Alliance Air/SpiceJetTezpur
17%
IndiGoDeoghar
8%
Alliance Air/IndiGoJharsuguda
8%
Alliance AirRourkela
8%
AIX Connect/IndiGo/SpiceJetGao (Dabolim)
0%
SpiceJetGwailor
0%
Alliance AirLilabari
0%

Score Distribution

Percentile by Number Answered

Percent of People with Each Score

Your Score History

You have not taken this quiz